VIDAS Y LEYENDAS DE JACQUES LACAN /

שמור ב:
מידע ביבליוגרפי
מחבר ראשי: Clement, Catherine (autor)
פורמט: ספר
מהדורה:2a edición
סדרה:ARGUMENTOS ; 64
נושאים:
תגים: הוספת תג
אין תגיות, היה/י הראשונ/ה לתייג את הרשומה!

MARC

LEADER 00000nam^a2200000^a^4500
001 000234509
005 20250521000000.0
009 20260310104728.734
020 |a 84-339-0064-1 
035 |a 058898 
037 |a Acervo Xavier Clavigero 
082 |a 616. 8917  |b CLE 
100 |a Clement, Catherine  |e (autor) 
245 1 0 |a VIDAS Y LEYENDAS DE JACQUES LACAN /  |c CATHERINE CLEMENT ; TR. JOAQUIN JORDA 
250 |a 2a edición 
264 |a Barcelona, España :  |b Anagrama ,  |c 1970 
300 |a 221 p. 
336 |a texto  |b txt  |2 rdacontenido 
337 |a sin mediación  |b n  |2 rdamedio 
338 |a volumen  |b nc  |2 rdasoporte 
440 |a ARGUMENTOS ;  |v 64 
649 |a XX 
650 |a Lacan, Jacques 
650 |a PSICOANALISIS. 
650 |a Estructuralismo 
910 |a Fondo General 
920 |a Impresos - Libros 
930 |a Colección General 
905 |a 101 
901 |a 058898  |b IT1  |c ACC  |i 058898  |u 20250521 
902 |a https://opac.biblio.iteso.mx/vufind/Record/000234509